[Event "NB I. Maroczy csoport"]
[Site "Budapest"]
[Date "2023.12.10"]
[Round "5.3"]
[White "Marosi, Levente"]
[Black "Paschall, William"]
[Result "1/2-1/2"]
[WhiteElo "2289"]
[BlackElo "2332"]
[PlyCount "240"]
[EventDate "2023.10.08"]
[EventType "team-tourn"]
[EventRounds "11"]
[EventCountry "HUN"]
[Source "chess.hu"]
[WhiteTeam "Neumann J. Egyetem"]
[BlackTeam "Dr.  Hetenyi Geza SK"]
[WhiteTeamCountry "HUN"]
[BlackTeamCountry "HUN"]

1. e4 d6 2. d4 a6 3. Nc3 Nf6 4. Nf3 b5 5. Bd3 e6 6. O-O Bb7 7. e5 dxe5 8. dxe5
Nd5 9. Nxd5 Bxd5 10. a4 b4 11. Qe2 Be7 12. Rd1 Qc8 13. c4 bxc3 14. bxc3 Nd7 15.
Be4 Nb6 16. a5 Bxe4 17. Qxe4 Nd5 18. c4 Nb4 19. Qg4 Kf8 20. Bg5 Qe8 21. Bxe7+
Qxe7 22. Qe4 Kg8 23. Rd2 g6 24. Rad1 Kg7 25. h4 Rhd8 26. Qf4 Nc6 27. Ng5 Rxd2
28. Rxd2 h6 29. Ne4 Rd8 30. Qf6+ Qxf6 31. exf6+ Kf8 32. Rxd8+ Nxd8 33. Nc5 Nc6
34. Nxa6 Nxa5 35. c5 Ke8 36. Nxc7+ Kd7 37. Nb5 Nb7 38. f4 Nxc5 39. Nc3 Nd3 40.
g3 e5 41. fxe5 Ke6 42. Kg2 Nxe5 43. Ne2 Kxf6 44. Nd4 Nd7 45. Kf3 Nc5 46. Nc6
Ke6 47. Nd8+ Ke7 48. Nc6+ Kd7 49. Ne5+ Ke6 50. Nc6 f6 51. Nb4 Ke5 52. Nc6+ Kd6
53. Nd4 Ne6 54. Nc2 Ke5 55. Ne3 Nd4+ 56. Kf2 h5 57. Nc4+ Kd5 58. Nb6+ Ke4 59.
Nd7 Kf5 60. Nc5 Nc6 61. Nd3 Ne5 62. Nf4 Nc6 63. Kf3 Nd4+ 64. Kf2 Ne6 65. Nd5
Ke5 66. Ne3 f5 67. Nc4+ Kd5 68. Nd2 Nc5 69. Kf3 Ne6 70. Ke3 Ke5 71. Nc4+ Kf6
72. Kf3 Nc7 73. Kf4 Nd5+ 74. Kf3 Ke6 75. Nb2 Ke5 76. Nd3+ Kf6 77. Nc5 Nc7 78.
Nd3 Ne6 79. Ke3 Ke7 80. Ne5 Kf6 81. Nd3 Nf8 82. Kf4 Nd7 83. Ke3 Ne5 84. Nf4
Nc4+ 85. Kd3 Nd6 86. Ke3 Ne4 87. Kf3 Kf7 88. Kg2 Nc5 89. Kf3 Kf6 90. Nd5+ Ke6
91. Nf4+ Kf7 92. Ke3 Ne6 93. Nd3 Kf6 94. Kf3 Nd4+ 95. Ke3 Ne6 96. Kf3 g5 97.
hxg5+ Kxg5 98. Nf2 Nd4+ 99. Ke3 Nc2+ 100. Kf3 Nd4+ 101. Ke3 Ne6 102. Kf3 Kg6
103. Nd3 Kf6 104. Ke3 Kg5 105. Nf2 Nc5 106. Kf3 Ne4 107. Nh3+ Kg6 108. Nf4+ Kh6
109. Nd5 Kg5 110. Ne3 Nf6 111. Nc4 Nd5 112. Ne5 Ne7 113. Nd3 Nc6 114. Kg2 Nd4
115. Nf2 Kf6 116. Nd3 Nc2 117. Nf4 Kg5 118. Nh3+ Kh6 119. Kf3 Nd4+ 120. Kf4
Ne2+ 1/2-1/2

[Event "NB I. Maroczy csoport"]
[Site "Budapest"]
[Date "2023.12.10"]
[Round "5.4"]
[White "Issa, Rafat"]
[Black "Soos, Arpad"]
[Result "1-0"]
[WhiteElo "2325"]
[BlackElo "2346"]
[PlyCount "135"]
[EventDate "2023.10.08"]
[EventType "team-tourn"]
[EventRounds "11"]
[EventCountry "HUN"]
[Source "chess.hu"]
[WhiteTeam "Dr.  Hetenyi Geza SK"]
[BlackTeam "Neumann J. Egyetem"]
[WhiteTeamCountry "HUN"]
[BlackTeamCountry "HUN"]

1. Nf3 Nf6 2. c4 g6 3. Nc3 Bg7 4. e4 d6 5. d4 O-O 6. Be2 Nbd7 7. O-O e5 8. d5
Nc5 9. Qc2 a5 10. Ne1 Ne8 11. Nd3 f5 12. Nxc5 dxc5 13. Be3 b6 14. f3 Nd6 15. a3
Ba6 16. b3 Qe7 17. Bd3 Rf7 18. Nd1 fxe4 19. fxe4 Rxf1+ 20. Bxf1 Rf8 21. Nf2 Bc8
22. b4 axb4 23. axb4 cxb4 24. c5 bxc5 25. Qxc5 b3 26. Rb1 Rf7 27. Rxb3 Bf8 28.
Rb8 Qf6 29. Qc1 h6 30. Bd3 Kh7 31. h3 Qh4 32. Qd2 Qg3 33. Nh1 Qh4 34. Bf2 Qf6
35. Rb1 g5 36. Rf1 Qg6 37. Ng3 h5 38. Be3 Rxf1+ 39. Nxf1 g4 40. h4 Nf7 41. Qa5
Bd6 42. g3 Qf6 43. Nd2 Qe7 44. Nc4 Bb4 45. Qa8 Bd7 46. Qb7 Ba4 47. Qc8 Qd7 48.
Qb7 Qe7 49. Qc8 Qd7 50. Qa6 Bb5 51. Qf6 Bxc4 52. Bxc4 Nd6 53. Qh6+ Kg8 54. Bd3
Qe8 55. Kh2 Bc3 56. Bg5 Qf8 57. Qg6+ Qg7 58. Qxh5 Nf7 59. Bc1 Nd6 60. Bh6 Qf7
61. Qxg4+ Kh7 62. Be3 Bd2 63. Qe2 Bxe3 64. Qxe3 Qh5 65. Be2 Qe8 66. Qg5 Kh8 67.
Qh6+ Kg8 68. Bg4 1-0

[Event "NB I. Maroczy csoport"]
[Site "Budapest"]
[Date "2023.12.10"]
[Round "5.6"]
[White "Kormos, Adam"]
[Black "Marta, Dominik"]
[Result "1/2-1/2"]
[WhiteElo "2207"]
[BlackElo "2098"]
[PlyCount "159"]
[EventDate "2023.10.08"]
[EventType "team-tourn"]
[EventRounds "11"]
[EventCountry "HUN"]
[Source "chess.hu"]
[WhiteTeam "Dr.  Hetenyi Geza SK"]
[BlackTeam "Neumann J. Egyetem"]
[WhiteTeamCountry "HUN"]
[BlackTeamCountry "HUN"]

1. e4 e5 2. Nf3 Nf6 3. Nc3 Bb4 4. Nxe5 d6 5. Nd3 Bxc3 6. dxc3 Nxe4 7. Nf4 O-O
8. Bd3 Re8 9. O-O Nd7 10. Be3 Ndf6 11. h3 b6 12. Nh5 Bb7 13. Re1 Qd7 14. Qf3
Nxh5 15. Qxh5 Re5 16. Qh4 Rae8 17. Bd4 Qe7 18. Qxe7 R5xe7 19. Bb5 c6 20. Bd3 d5
21. a4 c5 22. Be3 c4 23. Bxe4 Rxe4 24. Red1 f5 25. g3 h6 26. h4 Kf7 27. a5 bxa5
28. Rxa5 a6 29. h5 g5 30. hxg6+ Kxg6 31. Ra4 Kh5 32. Rb4 R8e7 33. Rd4 Rxd4 34.
cxd4 Bc8 35. Rb8 Re8 36. Kg2 Kg6 37. Kf3 h5 38. Bf4 Bd7 39. Rb6+ Re6 40. Rb7
Ba4 41. b3 cxb3 42. cxb3 Bb5 43. Be5 Rc6 44. Kf4 Bd3 45. Rg7+ Kh6 46. Rd7 Be4
47. f3 Bc2 48. Rxd5 Bxb3 49. Rd7 Be6 50. Rd8 Bc8 51. Bd6 Kg6 52. Ke5 a5 53. f4
a4 54. Bc5 Kf7 55. Kd5 Ra6 56. Rf8+ Kg7 57. Rxc8 a3 58. Bxa3 Rxa3 59. Ke6 Rxg3
60. d5 Re3+ 61. Kxf5 h4 62. Rc7+ Kf8 63. Rh7 h3 64. Kf6 Ke8 65. f5 Rd3 66. Rh8+
Kd7 67. Kg6 Rg3+ 68. Kf7 Kd6 69. f6 Kxd5 70. Ke7 Re3+ 71. Kf8 Ra3 72. Rh6 Ke6
73. f7+ Kd7 74. Rh4 Re3 75. Rf4 h2 76. Rf1 Rh3 77. Rd1+ Kc7 78. Rc1+ Kd7 79.
Rd1+ Kc7 80. Rc1+ 1/2-1/2

[Event "NB I. Maroczy csoport"]
[Site "Budapest"]
[Date "2023.12.10"]
[Round "5.7"]
[White "Varasdy, Imre"]
[Black "Dory, Jeno"]
[Result "1/2-1/2"]
[WhiteElo "2211"]
[BlackElo "2170"]
[PlyCount "31"]
[EventDate "2023.10.08"]
[EventType "team-tourn"]
[EventRounds "11"]
[EventCountry "HUN"]
[Source "chess.hu"]
[WhiteTeam "Neumann J. Egyetem"]
[BlackTeam "Dr.  Hetenyi Geza SK"]
[WhiteTeamCountry "HUN"]
[BlackTeamCountry "HUN"]

1. d4 Nf6 2. c4 e6 3. Nf3 b6 4. g3 Bb7 5. Bg2 Bb4+ 6. Bd2 Be7 7. Nc3 d5 8. Ne5
O-O 9. O-O c6 10. Bf4 Nfd7 11. Nxd7 Nxd7 12. Qa4 Nf6 13. Rfd1 a6 14. cxd5 cxd5
15. Rac1 Rc8 16. Qb3 1/2-1/2

[Event "NB I. Maroczy csoport"]
[Site "Budapest"]
[Date "2023.12.10"]
[Round "5.9"]
[White "Lehocz, Jozsef Jr"]
[Black "Baranyai, Szabolcs Jr"]
[Result "1-0"]
[WhiteElo "2116"]
[BlackElo "2169"]
[PlyCount "57"]
[EventDate "2023.10.08"]
[EventType "team-tourn"]
[EventRounds "11"]
[EventCountry "HUN"]
[Source "chess.hu"]
[WhiteTeam "Neumann J. Egyetem"]
[BlackTeam "Dr.  Hetenyi Geza SK"]
[WhiteTeamCountry "HUN"]
[BlackTeamCountry "HUN"]

1. e4 e6 2. d4 d5 3. Nd2 Nf6 4. e5 Nfd7 5. c3 c5 6. Bd3 Nc6 7. Ne2 cxd4 8. cxd4
Qb6 9. Nf3 f6 10. exf6 Nxf6 11. O-O Bd6 12. Re1 O-O 13. Bg5 Qxb2 14. Rb1 Qa3
15. Ng3 h6 16. Bxf6 Rxf6 17. Nh5 Rf8 18. Rb3 Qa5 19. Bb1 Ne7 20. Ne5 Bxe5 21.
Rxe5 Nf5 22. g4 Nd6 23. Qd3 Ne4 24. Qxe4 dxe4 25. Rxa5 b6 26. Re5 Bb7 27. Bxe4
Bxe4 28. Rxe4 g6 29. Nf4 1-0

[Event "NB I. Maroczy csoport"]
[Site "Budapest"]
[Date "2023.12.10"]
[Round "5.10"]
[White "Pervai, Laszlo"]
[Black "Csala, Imre"]
[Result "0-1"]
[WhiteElo "1976"]
[BlackElo "1989"]
[PlyCount "116"]
[EventDate "2023.10.08"]
[EventType "team-tourn"]
[EventRounds "11"]
[EventCountry "HUN"]
[Source "chess.hu"]
[WhiteTeam "Dr.  Hetenyi Geza SK"]
[BlackTeam "Neumann J. Egyetem"]
[WhiteTeamCountry "HUN"]
[BlackTeamCountry "HUN"]

1. e4 d6 2. d4 g6 3. Nc3 Bg7 4. Be3 Nc6 5. Qd2 Bd7 6. h4 e5 7. d5 Nd4 8. Nge2
Nxe2 9. Bxe2 h5 10. f3 a6 11. O-O-O Bh6 12. g4 Qe7 13. g5 Bg7 14. Nb1 b5 15.
Qa5 Qd8 16. b4 Ne7 17. Nd2 O-O 18. Nb3 Qb8 19. Qa3 c6 20. dxc6 Nxc6 21. Rd2 Be6
22. Na5 Rc8 23. Rhd1 Nd4 24. c3 d5 25. Kb1 Nxe2 26. Rxe2 dxe4 27. fxe4 Bg4 28.
Red2 Bxd1 29. Rxd1 Rd8 30. Rd5 Qc7 31. Qb3 Rac8 32. Kb2 Bf8 33. a3 Bd6 34. Qc2
Be7 35. Qd2 Kf8 36. Nb3 Qc4 37. Bc5 Ke8 38. Bxe7 Rxd5 39. exd5 Kxe7 40. Na5 Qf4
41. d6+ Ke6 42. Qd1 Qf2+ 43. Kb3 Qg2 44. c4 Qg3+ 45. Ka2 bxc4 46. Qf1 Qh2+ 47.
Ka1 Qf4 48. Qh3+ Qg4 49. Qf1 Qd4+ 50. Ka2 Qd2+ 51. Ka1 Qd4+ 52. Ka2 Qf4 53.
Qh3+ Qf5 54. Qg2 e4 55. Nb7 c3 56. Nc5+ Rxc5 57. bxc5 Qd5+ 58. Ka1 Qd1+ 0-1

[Event "NB I. Maroczy csoport"]
[Site "Budapest"]
[Date "2023.12.10"]
[Round "5.11"]
[White "Lehocz, Jozsef"]
[Black "Haszon, Kamilla Sara"]
[Result "1-0"]
[WhiteElo "1974"]
[BlackElo "2010"]
[PlyCount "39"]
[EventDate "2023.10.08"]
[EventType "team-tourn"]
[EventRounds "11"]
[EventCountry "HUN"]
[Source "chess.hu"]
[WhiteTeam "Neumann J. Egyetem"]
[BlackTeam "Dr.  Hetenyi Geza SK"]
[WhiteTeamCountry "HUN"]
[BlackTeamCountry "HUN"]

1. d4 Nf6 2. Nc3 g6 3. Bf4 Bg7 4. Qd2 c5 5. dxc5 Ng4 6. h3 Ne5 7. e4 h5 8. Be2
b6 9. Nf3 Nbc6 10. Nxe5 Nxe5 11. Bxe5 Bxe5 12. Qd5 Qc7 13. Qxa8 e6 14. cxb6
Bxc3+ 15. Kf1 axb6 16. bxc3 Qxc3 17. Rd1 Qxc2 18. Qa3 Qxe4 19. Qd6 Qc2 20. Bb5
1-0

[Event "NB I. Maroczy csoport"]
[Site "Budapest"]
[Date "2023.12.10"]
[Round "5.12"]
[White "Gelle, Istvan"]
[Black "Balazs-Szalai, Renata"]
[Result "1/2-1/2"]
[WhiteElo "2163"]
[BlackElo "1863"]
[PlyCount "122"]
[EventDate "2023.10.08"]
[EventType "team-tourn"]
[EventRounds "11"]
[EventCountry "HUN"]
[Source "chess.hu"]
[WhiteTeam "Dr.  Hetenyi Geza SK"]
[BlackTeam "Neumann J. Egyetem"]
[WhiteTeamCountry "HUN"]
[BlackTeamCountry "HUN"]

1. d4 d5 2. Bf4 Nf6 3. e3 c5 4. c3 Nc6 5. Nd2 Bf5 6. Ngf3 e6 7. Qb3 Qb6 8. Qxb6
axb6 9. Bb5 Nd7 10. a4 Be7 11. O-O O-O 12. Rfe1 Rfc8 13. h3 Bg6 14. g4 h6 15.
Bg3 Bh7 16. Ra2 Bd8 17. Rea1 Ra7 18. Bd6 Bc7 19. Bxc7 Rxc7 20. a5 bxa5 21. Bxc6
Rxc6 22. Rxa5 Rca6 23. Rxa6 Rxa6 24. Rxa6 bxa6 25. Ne5 Nxe5 26. dxe5 Bc2 27. b4
cxb4 28. cxb4 Kf8 29. Nf3 Bd3 30. Nd4 Ke7 31. f4 g6 32. Kf2 Kd7 33. h4 Bc4 34.
Ke1 Bd3 35. Kd2 Bc4 36. Kc3 Bf1 37. Nb3 Kc6 38. Nd2 Be2 39. g5 hxg5 40. fxg5
Bb5 41. Kd4 Kb6 42. e4 Bc4 43. exd5 Bxd5 44. Nf1 Kb5 45. Ne3 Bf3 46. Kc3 Be2
47. Nc2 Kb6 48. Nd4 Bd1 49. Kc4 Ba4 50. Kd3 a5 51. bxa5+ Kxa5 52. Ke3 Kb6 53.
Ne2 Kc5 54. Ng3 Kd5 55. Kf4 Bc2 56. h5 gxh5 57. Nxh5 Bg6 58. Nf6+ Kd4 59. Nd7
Kd5 60. Ke3 Kc6 61. Nf6 Kc5 1/2-1/2

[Event "NB I. Maroczy csoport"]
[Site "Szeged"]
[Date "2024.02.18"]
[Round "6.1"]
[White "Prorok, Marton"]
[Black "Palkovi, Jozsef"]
[Result "1/2-1/2"]
[WhiteElo "2335"]
[BlackElo "2377"]
[PlyCount "57"]
[EventDate "2023.10.08"]
[EventType "team-tourn"]
[EventRounds "11"]
[EventCountry "HUN"]
[Source "chess.hu"]
[WhiteTeam "Dr.  Hetenyi Geza SK"]
[BlackTeam "Maroczy SE I."]
[WhiteTeamCountry "HUN"]
[BlackTeamCountry "HUN"]

1. e4 c5 2. f4 d5 3. Nf3 dxe4 4. Ng5 Nf6 5. Nc3 Bf5 6. Bc4 e6 7. Qe2 Nc6 8. Bb5
Qc7 9. Ncxe4 h6 10. Nxf6+ gxf6 11. Ne4 O-O-O 12. c3 a6 13. Ba4 Bd6 14. d3 Ne7
15. O-O Nd5 16. c4 Bxe4 17. Qxe4 f5 18. Qf3 Nb6 19. Bc2 Be7 20. a4 a5 21. Ra3
Bf6 22. Rb3 Nd7 23. Bd2 b6 24. Qa8+ Nb8 25. Bd1 Rd6 26. Kh1 Kd7 27. Qf3 Nc6 28.
Bc3 Bd4 29. Be2 1/2-1/2

[Event "NB I. Maroczy csoport"]
[Site "Szeged"]
[Date "2024.02.18"]
[Round "6.2"]
[White "Peczely, Sebastian Zsombor"]
[Black "Jablonicky, Martin"]
[Result "0-1"]
[WhiteElo "2318"]
[BlackElo "2385"]
[PlyCount "84"]
[EventDate "2023.10.08"]
[EventType "team-tourn"]
[EventRounds "11"]
[EventCountry "HUN"]
[Source "chess.hu"]
[WhiteTeam "Maroczy SE I."]
[BlackTeam "Dr.  Hetenyi Geza SK"]
[WhiteTeamCountry "HUN"]
[BlackTeamCountry "HUN"]

1. e4 g6 2. d4 Bg7 3. Nc3 a6 4. h4 h5 5. Be3 c6 6. Qd2 d5 7. O-O-O Nh6 8. Kb1
dxe4 9. Nxe4 Bf5 10. f3 Nd7 11. Nh3 Bxe4 12. fxe4 Ng4 13. Bc4 b5 14. Bb3 Nb6
15. Ng5 O-O 16. Rhf1 Nc4 17. Bxc4 bxc4 18. e5 Qd5 19. Rf3 Rad8 20. c3 Bxe5 21.
dxe5 Nxe3 22. Qxd5 Rxd5 23. Rxd5 Nxd5 24. Kc2 f6 25. Ne6 Rb8 26. exf6 exf6 27.
Nc5 Re8 28. Kd2 a5 29. b3 cxb3 30. axb3 f5 31. Nb7 Ra8 32. c4 Nf6 33. Kc3 Ne4+
34. Kd4 Kf7 35. Ke5 Re8+ 36. Kd4 Kf6 37. Nxa5 c5+ 38. Kd5 Re6 39. Nb7 Rb6 40.
b4 cxb4 41. c5 Rxb7 42. Kc6 Nxc5 0-1

[Event "NB I. Maroczy csoport"]
[Site "Szeged"]
[Date "2024.02.18"]
[Round "6.3"]
[White "Kormos, Adam"]
[Black "Nestorovic, Lazar"]
[Result "0-1"]
[WhiteElo "2177"]
[BlackElo "2340"]
[PlyCount "80"]
[EventDate "2023.10.08"]
[EventType "team-tourn"]
[EventRounds "11"]
[EventCountry "HUN"]
[Source "chess.hu"]
[WhiteTeam "Dr.  Hetenyi Geza SK"]
[BlackTeam "Maroczy SE I."]
[WhiteTeamCountry "HUN"]
[BlackTeamCountry "HUN"]

1. e4 c5 2. Nf3 d6 3. Nc3 a6 4. d4 cxd4 5. Nxd4 Nf6 6. a4 e6 7. Be2 Qc7 8. O-O
b6 9. f4 Bb7 10. Bf3 Nbd7 11. Re1 Rc8 12. Kh1 h5 13. Be3 e5 14. Bf2 exd4 15. e5
dxe5 16. fxe5 Ng4 17. Bg3 Bxf3 18. Qxf3 Qc6 19. Ne4 Ngxe5 20. Rad1 f6 21. Rxd4
Be7 22. Qd1 O-O 23. Qxh5 Qe6 24. Nc3 Rc4 25. Rxc4 Qxc4 26. Qf5 Nc5 27. h3 Qe6
28. Qf2 Rd8 29. Qf4 Bf8 30. b4 Ncd7 31. Ne4 Rc8 32. Qd2 Rc4 33. c3 a5 34. bxa5
bxa5 35. Qa2 Qc6 36. Nd2 Qxa4 37. Qb2 Rc8 38. Qb7 Qc6 39. Qb3+ Nf7 40. Ne4 Nc5
0-1

[Event "NB I. Maroczy csoport"]
[Site "Szeged"]
[Date "2024.02.18"]
[Round "6.4"]
[White "Nestorovic, Dejan"]
[Black "Binder, Tamas"]
[Result "1/2-1/2"]
[WhiteElo "2307"]
[BlackElo "2233"]
[PlyCount "68"]
[EventDate "2023.10.08"]
[EventType "team-tourn"]
[EventRounds "11"]
[EventCountry "HUN"]
[Source "chess.hu"]
[WhiteTeam "Maroczy SE I."]
[BlackTeam "Dr.  Hetenyi Geza SK"]
[WhiteTeamCountry "HUN"]
[BlackTeamCountry "HUN"]

1. d4 Nf6 2. c4 g6 3. Nc3 Bg7 4. e4 d6 5. h3 O-O 6. Be3 e5 7. d5 a5 8. g4 c6 9.
Nge2 b5 10. cxb5 cxd5 11. exd5 a4 12. Qd2 Nbd7 13. Ng3 Nb6 14. g5 Ne8 15. a3 f5
16. gxf6 Nxf6 17. O-O-O Qc7 18. Kb1 Bb7 19. Rc1 Rfc8 20. Be2 Nc4 21. Qd3 Qf7
22. Bg4 e4 23. Bxc8 exd3 24. Be6 d2 25. Rcd1 Nxd5 26. Bxf7+ Kxf7 27. Nxd5 Bxd5
28. Rhg1 Bf3 29. Rxd2 Nxd2+ 30. Bxd2 Rb8 31. Rc1 Be5 32. Rc7+ Ke6 33. Bc3 Rxb5
34. Kc2 Bxg3 1/2-1/2

[Event "NB I. Maroczy csoport"]
[Site "Szeged"]
[Date "2024.02.18"]
[Round "6.5"]
[White "Dory, Jeno"]
[Black "Papp, Bence"]
[Result "1/2-1/2"]
[WhiteElo "2171"]
[BlackElo "2268"]
[PlyCount "90"]
[EventDate "2023.10.08"]
[EventType "team-tourn"]
[EventRounds "11"]
[EventCountry "HUN"]
[Source "chess.hu"]
[WhiteTeam "Dr.  Hetenyi Geza SK"]
[BlackTeam "Maroczy SE I."]
[WhiteTeamCountry "HUN"]
[BlackTeamCountry "HUN"]

1. e4 c6 2. d4 d5 3. exd5 cxd5 4. c4 Nf6 5. Nc3 Nc6 6. Nf3 g6 7. cxd5 Nxd5 8.
Qb3 Nxc3 9. bxc3 Bg7 10. Be2 O-O 11. O-O Qc7 12. Ba3 Be6 13. Qa4 Rfc8 14. Rfe1
Bf6 15. Rad1 Bd7 16. Qc2 Na5 17. Bb4 Nc6 18. Ba3 Na5 19. Bb4 Nc4 20. Bxc4 Qxc4
21. Ne5 Qxb4 22. Nxd7 Rxc3 23. Nxf6+ exf6 24. Qe4 Rd8 25. Rb1 Qxd4 26. Qxd4
Rxd4 27. Rxb7 Ra3 28. h3 Rxa2 29. Ree7 Kg7 30. Rxf7+ Kh6 31. Rxh7+ Kg5 32. Rxa7
Rd1+ 33. Kh2 Rxf2 34. Rhd7 Rxd7 35. Rxd7 f5 36. Kg3 Ra2 37. h4+ Kh6 38. Rd3 Ra4
39. Kh3 Kg7 40. g3 Kf6 41. Rd6+ Kf7 42. Rd3 Ke6 43. Rb3 Ra6 44. Kg2 Rd6 45. Kf3
Kf6 1/2-1/2

[Event "NB I. Maroczy csoport"]
[Site "Szeged"]
[Date "2024.02.18"]
[Round "6.6"]
[White "Zakarias, David"]
[Black "Seres, Bela"]
[Result "1/2-1/2"]
[WhiteElo "2307"]
[BlackElo "2132"]
[PlyCount "76"]
[EventDate "2023.10.08"]
[EventType "team-tourn"]
[EventRounds "11"]
[EventCountry "HUN"]
[Source "chess.hu"]
[WhiteTeam "Maroczy SE I."]
[BlackTeam "Dr.  Hetenyi Geza SK"]
[WhiteTeamCountry "HUN"]
[BlackTeamCountry "HUN"]

1. d4 g6 2. e4 Bg7 3. Nf3 c5 4. dxc5 Qa5+ 5. c3 Qxc5 6. Na3 b6 7. Nb5 Bb7 8.
Be3 Qc8 9. Qb3 Nf6 10. Bc4 O-O 11. Ng5 a6 12. Na3 e6 13. f3 b5 14. Be2 d5 15.
e5 Nfd7 16. f4 Nc6 17. O-O Na5 18. Qd1 Nc4 19. Nxc4 dxc4 20. Qe1 h6 21. Nf3 Nc5
22. Rd1 Be4 23. Qh4 Nd3 24. Rd2 Qd8 25. Qxd8 Rfxd8 26. Rfd1 Rdc8 27. Ne1 Nxe1
28. Rxe1 Bf8 29. Red1 Be7 30. Kf2 Rd8 31. Bb6 Rxd2 32. Rxd2 Rb8 33. Ba7 Ra8 34.
Bd4 Rd8 35. g3 Kf8 36. Ke3 Bd5 37. a3 Ke8 38. Bd1 Kd7 1/2-1/2

[Event "NB I. Maroczy csoport"]
[Site "Szeged"]
[Date "2024.02.18"]
[Round "6.7"]
[White "Baranyai, Szabolcs Jr"]
[Black "Tubak, Daniel"]
[Result "0-1"]
[WhiteElo "2158"]
[BlackElo "2211"]
[PlyCount "110"]
[EventDate "2023.10.08"]
[EventType "team-tourn"]
[EventRounds "11"]
[EventCountry "HUN"]
[Source "chess.hu"]
[WhiteTeam "Dr.  Hetenyi Geza SK"]
[BlackTeam "Maroczy SE I."]
[WhiteTeamCountry "HUN"]
[BlackTeamCountry "HUN"]

1. e4 e5 2. Nf3 Nc6 3. Bb5 a6 4. Bxc6 dxc6 5. d4 exd4 6. Qxd4 Qxd4 7. Nxd4 Bd7
8. Be3 O-O-O 9. Nc3 Ne7 10. O-O-O f6 11. Nb3 b6 12. a4 a5 13. Nd4 Ng6 14. b3
Bb4 15. Kb2 Rhe8 16. f3 Nh4 17. Rhg1 h6 18. Bf2 Ng6 19. Bg3 Ne5 20. h3 Kb7 21.
Rgf1 Bc5 22. Bf2 Bf8 23. Rfe1 Bc8 24. Nde2 Rxd1 25. Rxd1 c5 26. Nb5 c4 27. Nec3
cxb3 28. cxb3 Re6 29. f4 Nf7 30. Bg3 c6 31. f5 Re8 32. Nd6+ Nxd6 33. Bxd6 Bxd6
34. Rxd6 Kc7 35. Rd2 Rd8 36. Kc2 Rxd2+ 37. Kxd2 Kd6 38. Ne2 Bd7 39. Nf4 Be8 40.
Nd3 b5 41. axb5 cxb5 42. Kc3 Bc6 43. Kd4 a4 44. bxa4 bxa4 45. Nb2 Bb5 46. Nd1
a3 47. Nc3 Be8 48. g3 Ba4 49. Kc4 Ke5 50. Kb4 Bc6 51. Kxa3 Bxe4 52. Kb4 Bg2 53.
h4 Kxf5 54. Ne2 Kg4 55. Kc3 Bf3 0-1

[Event "NB I. Maroczy csoport"]
[Site "Szeged"]
[Date "2024.02.18"]
[Round "6.8"]
[White "Nagy, Daniel"]
[Black "Pervai, Laszlo"]
[Result "1/2-1/2"]
[WhiteElo "2316"]
[BlackElo "1943"]
[PlyCount "45"]
[EventDate "2023.10.08"]
[EventType "team-tourn"]
[EventRounds "11"]
[EventCountry "HUN"]
[Source "chess.hu"]
[WhiteTeam "Maroczy SE I."]
[BlackTeam "Dr.  Hetenyi Geza SK"]
[WhiteTeamCountry "HUN"]
[BlackTeamCountry "HUN"]

1. d4 d5 2. c4 e6 3. Nf3 Nf6 4. Nc3 c6 5. e3 Be7 6. b3 O-O 7. Bd3 c5 8. O-O Nc6
9. Bb2 cxd4 10. exd4 b6 11. Qe2 Nb4 12. Bb1 Ba6 13. a4 Nc6 14. Nb5 Na5 15. Qd3
Bb7 16. Nd2 a6 17. Na3 g6 18. Bc3 Nc6 19. Nc2 Rc8 20. Re1 Qc7 21. h3 Rfd8 22.
Ba2 a5 23. Rad1 1/2-1/2

[Event "NB I. Maroczy csoport"]
[Site "Szeged"]
[Date "2024.02.18"]
[Round "6.9"]
[White "Kormos, Andras"]
[Black "Tesik, Csaba"]
[Result "0-1"]
[WhiteElo "2089"]
[BlackElo "2280"]
[PlyCount "88"]
[EventDate "2023.10.08"]
[EventType "team-tourn"]
[EventRounds "11"]
[EventCountry "HUN"]
[Source "chess.hu"]
[WhiteTeam "Dr.  Hetenyi Geza SK"]
[BlackTeam "Maroczy SE I."]
[WhiteTeamCountry "HUN"]
[BlackTeamCountry "HUN"]

1. c4 Nf6 2. Nf3 g6 3. b3 Bg7 4. Bb2 O-O 5. g3 d6 6. d4 e5 7. dxe5 Ng4 8. Nc3
Nxe5 9. Nxe5 dxe5 10. Qxd8 Rxd8 11. Nd5 Na6 12. O-O-O Be6 13. Bg2 c6 14. Nc3 f5
15. Ba3 e4 16. Kc2 Rdc8 17. Nb1 b5 18. Nd2 Rab8 19. Rb1 Rb7 20. Rhd1 Be5 21. e3
Rcb8 22. Bf1 b4 23. Bb2 Bxb2 24. Rxb2 Nc5 25. Be2 a5 26. Nf1 Kf7 27. Rd4 Kf6
28. Nd2 Rd7 29. Rxd7 Bxd7 30. Rb1 g5 31. Rd1 h6 32. Nb1 Ke5 33. Re1 a4 34. Rd1
Ra8 35. Kb2 axb3 36. axb3 f4 37. gxf4+ gxf4 38. Rg1 Rf8 39. exf4+ Rxf4 40. f3
exf3 41. Bf1 Rd4 42. Rg3 Kf4 43. Kc1 Bf5 44. Nd2 Rxd2 0-1

[Event "NB I. Maroczy csoport"]
[Site "Szeged"]
[Date "2024.02.18"]
[Round "6.10"]
[White "Kopasz, Robert"]
[Black "Toth, Gabor"]
[Result "1-0"]
[WhiteElo "2227"]
[BlackElo "2149"]
[PlyCount "81"]
[EventDate "2023.10.08"]
[EventType "team-tourn"]
[EventRounds "11"]
[EventCountry "HUN"]
[Source "chess.hu"]
[WhiteTeam "Maroczy SE I."]
[BlackTeam "Dr.  Hetenyi Geza SK"]
[WhiteTeamCountry "HUN"]
[BlackTeamCountry "HUN"]

1. e4 c5 2. Nf3 g6 3. d4 cxd4 4. Nxd4 Nc6 5. Nf3 Nf6 6. Nc3 d6 7. g3 Bg7 8. Bg2
O-O 9. O-O Be6 10. h3 Rc8 11. Qe2 a6 12. Rd1 Qc7 13. Be3 b5 14. Nd5 Qb8 15. Bg5
Rfe8 16. Nxf6+ exf6 17. Bf4 Ne5 18. Nd4 Bc4 19. Qd2 b4 20. b3 Be6 21. a3 a5 22.
axb4 axb4 23. Ra4 Rc3 24. Ne2 Rc7 25. Nd4 Rc3 26. Rda1 Bd7 27. R4a2 Rec8 28.
Qd1 R3c7 29. Ra6 Bf8 30. Be3 Nc6 31. Ne2 Ne5 32. R6a2 f5 33. Nf4 Be6 34. Nxe6
fxe6 35. exf5 gxf5 36. Bd4 Nf7 37. Qe2 Re7 38. Ra8 Qc7 39. Rxc8 Qxc8 40. Ra8
Qc7 41. Bf6 1-0

[Event "NB I. Maroczy csoport"]
[Site "Szeged"]
[Date "2024.02.18"]
[Round "6.11"]
[White "Gelle, Istvan"]
[Black "Kocsmar, Akos"]
[Result "1-0"]
[WhiteElo "2158"]
[BlackElo "2036"]
[PlyCount "95"]
[EventDate "2023.10.08"]
[EventType "team-tourn"]
[EventRounds "11"]
[EventCountry "HUN"]
[Source "chess.hu"]
[WhiteTeam "Dr.  Hetenyi Geza SK"]
[BlackTeam "Maroczy SE I."]
[WhiteTeamCountry "HUN"]
[BlackTeamCountry "HUN"]

1. d4 Nf6 2. Nf3 e6 3. Bf4 c5 4. e3 Nc6 5. Nbd2 d5 6. c3 Bd6 7. Bg3 cxd4 8.
exd4 Qc7 9. Bxd6 Qxd6 10. Bd3 O-O 11. O-O Rb8 12. a4 Bd7 13. Re1 Rfc8 14. Ne5
Be8 15. f4 Ne7 16. Qe2 Qb6 17. Ra2 Ng6 18. g3 Nxe5 19. fxe5 Nd7 20. h4 Qd8 21.
Rf1 Rc7 22. Rf2 Rbc8 23. Ra1 Nf8 24. a5 Qd7 25. g4 Qd8 26. g5 b6 27. axb6 axb6
28. Raf1 Rb8 29. Qe3 b5 30. b4 Qc8 31. Rf3 g6 32. Be2 Ra8 33. Nb3 Nd7 34. Bxb5
Nxe5 35. Qxe5 Bxb5 36. R1f2 Ra3 37. Nc5 Rca7 38. Kg2 Ra2 39. Rxf7 Rxf7 40. Rxa2
Bf1+ 41. Kg3 Qf8 42. Qxe6 Qb8+ 43. Qe5 Qc8 44. Rh2 h5 45. gxh6 Kh7 46. h5 Qg8
47. Ne6 gxh5+ 48. Ng5+ 1-0

[Event "NB I. Maroczy csoport"]
[Site "Szeged"]
[Date "2024.02.18"]
[Round "6.12"]
[White "Markus, Molli Amina"]
[Black "Pogany, Dorka"]
[Result "1-0"]
[WhiteElo "1841"]
[BlackElo "1637"]
[PlyCount "59"]
[EventDate "2023.10.08"]
[EventType "team-tourn"]
[EventRounds "11"]
[EventCountry "HUN"]
[Source "chess.hu"]
[WhiteTeam "Maroczy SE I."]
[BlackTeam "Dr.  Hetenyi Geza SK"]
[WhiteTeamCountry "HUN"]
[BlackTeamCountry "HUN"]

1. Nf3 b6 2. g3 Bb7 3. Bg2 e6 4. c4 Nf6 5. O-O Be7 6. b3 O-O 7. Nc3 d5 8. e3
dxc4 9. bxc4 c5 10. Qe2 Qc8 11. a4 Nc6 12. Bb2 Rd8 13. Ne1 Na5 14. f4 Bxg2 15.
Nxg2 Nb3 16. Rad1 Qc6 17. d3 Rd7 18. g4 Rad8 19. g5 Ne8 20. h4 f6 21. Kf2 a6
22. Ne1 f5 23. Nf3 Bd6 24. h5 Bc7 25. Rg1 Na5 26. Qc2 Qb7 27. h6 g6 28. Ne2 Nc6
29. Qc3 Kf8 30. Qh8+ 1-0